| 000 | 00425nam a22001697a 4500 | ||
|---|---|---|---|
| 008 | 170616b xxu||||| |||| 00| | tur d | ||
| 020 | _a9755360379 | ||
| 041 | _atur | ||
| 050 | _aPL248.T364 | ||
| 100 |
_9624 _aMahmut Temizyürek |
||
| 245 | _aGöçebe Buluşması | ||
| 250 | _a1. baskı | ||
| 260 |
_aAnkara _bEkin Yayınları _cTemmuz 1996 |
||
| 300 | _a119 sayfa | ||
| 650 | 0 |
_9145 _aTürk Edebiyatı |
|
| 942 |
_2lcc _cBK |
||
| 999 |
_c1751 _d1726 |
||